000 00303nam a22001337a 4500
008 170714b xxu||||| |||| 00| 0 eng d
020 _a0520058909
041 _aeng
080 _a101
100 _a24
101 _aFIL
245 _aRECONSTRUCTING PUBLIC PHILOSOPJY
_cSULLIVAN.W.M
942 _2udc
_cBK
999 _c20782
_d20782